| 000 | 00423nam a2200181Ia 4500 | ||
|---|---|---|---|
| 005 | 20240823050924.0 | ||
| 008 | 240823s9999||||xx |||||||||||||| ||und|| | ||
| 041 | _aENGLISH | ||
| 082 | _A650.01513 N2 | ||
| 100 | _a"Zameeruddin,Qazi" | ||
| 245 | 0 | _aBusiness maths. | |
| 250 | _a1st | ||
| 260 |
_c1990 _b"Vikas,New Delhi" |
||
| 500 | _aYES | ||
| 650 |
_aBusiness _bManagement Studies |
||
| 942 | _cBK | ||
| 999 |
_c218364 _d218364 |
||